Normal view
MARC view
Entry Topical Term
001 - CONTROL NUMBER
- control field: 46241
003 - CONTROL NUMBER IDENTIFIER
- control field: ARRUPE
005 - DATE AND TIME OF LATEST TRANSACTION
- control field: 20190503102624.0
008 - FIXED-LENGTH DATA ELEMENTS
- fixed length control field: 190503|| aca||aabn | a|a d
040 ## - CATALOGING SOURCE
- Original cataloging agency: ARRUPE
- Transcribing agency: ARRUPE
150 ## - HEADING--TOPICAL TERM
- Topical term or geographic name as entry element: Jewish children in the Holocaust
- General subdivision: Diaries
670 ## - SOURCE DATA FOUND
- Source citation: Work cat.: (ARRUPE): Holliday, Laurel 46239, Children's wartime diaries , 1995